000
00351nam a2200133Ia 4500
008
151001s9999||||xx |||||||||||||| ||und||
100
_a
वि वि बोकील
245
_a
मंगळागौरीच्या रात्री
250
_a
1
260
_b
ललित वैभव
260
_c
1967
300
_a
149
365
_b
7
999
_c
954342
_d
954339